| 000 | 00370nam a22000977a 4500 | ||
|---|---|---|---|
| 008 | 170213b xxu||||| |||| 00| 0 eng d | ||
| 100 | _aCoutsis, J. C. | ||
| 245 | _aThe Greek post offices & their postmarks from 1861 to 1900 | ||
| 260 |
_aAthens _bJ.C. Coutsis _c1959 |
||
| 650 | _aGreece | Post Offices | Postal Markings | Postal History | 1861-1900 | 19th Century | 20th Century | ||
| 999 |
_c2254 _d2254 |
||